000 00480nam a2200181Ia 4500
008 230524s9999 xx 000 0 und d
020 _a9788127252472
082 _a658.458
_bGUP
100 _aShashi K.Gupta
245 0 _aFinancial Services: Including Financial Markets
250 _aIST
260 _aLUDHIANA
_bKalyani
_c2009
300 _aIV;16.55
500 _aQuantity Number: 5
650 _aManagement
700 _a" Nisha Aggarwal , Neeti Gupta,,,"
942 _cBK
999 _c43331
_d43331